BSC systém v strategickom riadení podniku

Význam BSC systému z pohľadu strategického riadenia podniku. Tento systém vypĺňa medzeru v procese systematickej implementácie a získavania spätnej väzby týkajúcej sa stratégie.

Saved in:
Bibliographic Details
Main Author: Kicová, Eva
Other Authors: Jarina, Ladislav
Format: Book Chapter
Language:Slovak
Subjects:
Tags: Add Tag
No Tags, Be the first to tag this record!

MARC

LEADER 00000nla a2200000 4500
001 0205675
005 20240417075059.4
041 0 |a slo 
044 |a SK 
245 1 0 |a BSC systém v strategickom riadení podniku  |c Eva Kicová, Ladislav Jarina 
520 |a Význam BSC systému z pohľadu strategického riadenia podniku. Tento systém vypĺňa medzeru v procese systematickej implementácie a získavania spätnej väzby týkajúcej sa stratégie. 
610 2 0 |a metóda BSC 
610 2 0 |a riadenie podnikové 
610 2 0 |a stratégia podniková 
610 2 0 |a riadenie strategické 
100 1 |a Kicová, Eva 
700 1 |a Jarina, Ladislav